Finanse przedsiebiorstw w warunkach reformy gospodarczej materialy na konferencje, Katedr Finansów Bierutowice, 13-15 marca 1985 r.
Uložené v:
| Médium: | Kniha |
|---|---|
| Jazyk: | Polish |
| Vydavateľské údaje: |
Wroclaw
Akademia Ekon. im. Oskara Langego
1985
|
| Edícia: | Prace naukowe
Nr. 293 |
| Tagy: |
Žiadne tagy, Buďte prvý, kto otaguje tento záznam!
|
MARC
| LEADER | 00000nam a2200000 4500 | ||
|---|---|---|---|
| 001 | c106698 | ||
| 005 | 20041019155138.1 | ||
| 041 | 0 | |a pol | |
| 044 | |a PL | ||
| 245 | 1 | 0 | |a Finanse przedsiebiorstw w warunkach reformy gospodarczej |b materialy na konferencje, Katedr Finansów Bierutowice, 13-15 marca 1985 r. |
| 264 | 1 | |a Wroclaw |b Akademia Ekon. im. Oskara Langego |c 1985 | |
| 300 | |a 68 s. | ||
| 490 | 1 | |a Prace naukowe |v Nr. 293 | |
| 830 | 0 | |a Prace naukowe |v Nr. 293 | |